[Event "Schloss op 1st"]
[Site "Heusenstamm"]
[Date "2014.11.21"]
[Round "3.53"]
[White "Masoudi, Kian"]
[Black "Bunjaku, Lulzim"]
[Result "0-1"]
[WhiteElo "1178"]
[BlackElo "1802"]
[PlyCount "100"]
[EventDate "2014.11.??"]
[EventType "swiss"]
[EventRounds "7"]
[EventCountry "GER"]
[WhiteTeam "SC Bergen Enkheim 1922"]
[BlackTeam "SC Heusenstamm"]

1. d4 f5 2. Nf3 Nf6 3. Bf4 e6 4. Nbd2 c5 5. c3 Nc6 6. e3 Be7 7. Bd3 O-O 8. h3
d5 9. Ne5 c4 10. Bc2 Ne4 11. Nxe4 fxe4 12. Qg4 Rf6 13. Qe2 Nxe5 14. dxe5 Rf7
15. h4 Bd7 16. Qg4 b5 17. Bg5 a5 18. f3 Qb6 19. Ke2 Raf8 20. f4 b4 21. Bxe7
Rxe7 22. Rab1 a4 23. cxb4 Qxb4 24. a3 Qb6 25. Kf2 Ref7 26. g3 d4 27. Bxe4 dxe3+
28. Kg2 Bc6 29. Qf3 Bxe4 30. Qxe4 Rd7 31. Qxc4 Rd2+ 32. Kh3 Qb7 33. Qxe6+ Kh8
34. Rh2 Rfd8 35. Qc4 R8d4 36. Qc5 Qd7+ 37. e6 Qxe6+ 38. f5 Qf6 39. Qc8+ Rd8 40.
Qc5 R2d5 41. Qxe3 Qxf5+ 42. Kg2 Qxb1 43. Qf3 Qxb2+ 44. Kh3 Qb3 45. Qf4 Qxa3 46.
Rf2 h6 47. Rf3 Qd6 48. Qxa4 Qe6+ 49. Kg2 Rd2+ 50. Kg1 Qe1+ 0-1

[Event "Schloss op 1st"]
[Site "Heusenstamm"]
[Date "2014.11.21"]
[Round "3.54"]
[White "Krastev, Alexander"]
[Black "Wendel, Joachim"]
[Result "1-0"]
[WhiteElo "1745"]
[BlackElo "1331"]
[PlyCount "95"]
[EventDate "2014.11.??"]
[EventType "swiss"]
[EventRounds "7"]
[EventCountry "GER"]
[WhiteTeam "Sfr Biebertal"]
[BlackTeam "SV 1920 Hofheim"]

1. e4 e5 2. Nf3 Nc6 3. Bc4 Bc5 4. c3 d6 5. O-O Bg4 6. h3 Bh5 7. Re1 Nf6 8. d3
h6 9. Nbd2 O-O 10. Bb3 Qe7 11. Nf1 Rad8 12. Ng3 Bg6 13. Nh4 d5 14. Nxg6 fxg6
15. exd5 Nxd5 16. Ne4 Kh8 17. Nxc5 Qxc5 18. Be3 Nxe3 19. Rxe3 Rf6 20. Qe2 Rdf8
21. Re1 Rf5 22. Be6 R5f6 23. Bd7 Qb6 24. Bxc6 bxc6 25. Rf1 Rf5 26. g4 R5f6 27.
Rxe5 Rf3 28. Re3 Rxe3 29. fxe3 Rxf1+ 30. Kxf1 c5 31. e4 Qf6+ 32. Qf2 Qd6 33.
Ke2 Qb6 34. Ke3 c4+ 35. d4 Qd6 36. Qf4 Qd8 37. Qf7 Qg5+ 38. Qf4 Qh4 39. Qf3
Qg5+ 40. Kf2 Qd2+ 41. Qe2 Qf4+ 42. Kg2 Qc1 43. e5 Qb1 44. e6 Qd3 45. Qxd3 cxd3
46. e7 d2 47. e8=Q+ Kh7 48. Qa4 1-0

[Event "Schloss op 1st"]
[Site "Heusenstamm"]
[Date "2014.11.21"]
[Round "3.55"]
[White "Krastev, Ivan"]
[Black "Mogler, Michael"]
[Result "1-0"]
[WhiteElo "1742"]
[BlackElo "1115"]
[PlyCount "67"]
[EventDate "2014.11.??"]
[EventType "swiss"]
[EventRounds "7"]
[EventCountry "GER"]
[WhiteTeam "Sfr Biebertal"]
[BlackTeam "TuS Makkabi Frankfurt"]

1. e4 e5 2. Nf3 Nc6 3. Bc4 Nf6 4. d3 Bc5 5. c3 d5 6. exd5 Nxd5 7. O-O Bg4 8. h3
Bh5 9. b4 Bb6 10. Re1 f6 11. Nxe5 fxe5 12. Qxh5+ g6 13. Qf3 Rf8 14. Qxd5 Qxd5
15. Bxd5 Bxf2+ 16. Kf1 Bxe1+ 17. Kxe1 O-O-O 18. Be4 Rf7 19. Be3 a6 20. Nd2 Ne7
21. Bg5 Rdf8 22. Bxe7 Rxe7 23. Ke2 Ref7 24. Rf1 Rxf1 25. Nxf1 c6 26. Nd2 b5 27.
Bxc6 Kc7 28. Be4 Kd6 29. a3 Rc8 30. c4 bxc4 31. dxc4 Rc7 32. c5+ Ke7 33. Nc4
Ra7 34. Nxe5 1-0

[Event "Schloss op 1st"]
[Site "Heusenstamm"]
[Date "2014.11.21"]
[Round "3.56"]
[White "Burow, Roger"]
[Black "Idrissi, Mourad"]
[Result "1-0"]
[WhiteElo "1628"]
[BlackElo "1085"]
[PlyCount "55"]
[EventDate "2014.11.??"]
[EventType "swiss"]
[EventRounds "7"]
[EventCountry "GER"]
[WhiteTeam "SV 1920 Kelsterbach"]

1. Nf3 b6 2. d4 Bb7 3. c4 e6 4. Nc3 Nf6 5. e3 Bb4 6. a3 Be7 7. Bd3 O-O 8. O-O
c5 9. Re1 d5 10. cxd5 exd5 11. Ne5 c4 12. Bc2 Nc6 13. Nf3 a6 14. e4 dxe4 15.
Nxe4 Nxe4 16. Bxe4 Na5 17. Bc2 Bf6 18. Ne5 Nc6 19. Re3 h6 20. Nxc6 Bxc6 21. Rg3
Kh8 22. Be3 Qd5 23. f3 Qd7 24. Qd2 Rad8 25. Rd1 Bh4 26. Rh3 g5 27. Bxg5 Rg8 28.
Bf6+ 1-0

[Event "Schloss op 1st"]
[Site "Heusenstamm"]
[Date "2014.11.21"]
[Round "3.57"]
[White "Deppe, Leo"]
[Black "Indorf, Noah David"]
[Result "1-0"]
[WhiteElo "1610"]
[BlackElo "977"]
[PlyCount "63"]
[EventDate "2014.11.??"]
[EventType "swiss"]
[EventRounds "7"]
[EventCountry "GER"]
[WhiteTeam "SC Bad Soden"]
[BlackTeam "SC Heusenstamm"]

1. d4 d5 2. c4 dxc4 3. Nc3 Nc6 4. e3 Bf5 5. Bxc4 e5 6. d5 Nb4 7. e4 Bg6 8. a3
Na6 9. Bxa6 bxa6 10. Qa4+ Qd7 11. Qxa6 Bc5 12. Nf3 Qd6 13. Qxd6 cxd6 14. Nh4
Bh5 15. Nb5 Rc8 16. b4 Bxb4+ 17. axb4 Nf6 18. Nxd6+ Kd8 19. Nxc8 Kxc8 20. f3
Rd8 21. Rxa7 Kb8 22. Be3 Rd7 23. Rxd7 Nxd7 24. O-O h6 25. Nf5 f6 26. Nxg7 Bf7
27. b5 Bg8 28. Rc1 Bf7 29. b6 Nf8 30. Nf5 h5 31. Nd6 Bg6 32. Rc8# 1-0

[Event "Schloss op 1st"]
[Site "Heusenstamm"]
[Date "2014.11.21"]
[Round "3.59"]
[White "Wilk, David"]
[Black "Fitzke, Tobias"]
[Result "1-0"]
[WhiteElo "1525"]
[BlackElo "959"]
[PlyCount "27"]
[EventDate "2014.11.??"]
[EventType "swiss"]
[EventRounds "7"]
[EventCountry "GER"]
[WhiteTeam "SF Mainz"]
[BlackTeam "SC Heusenstamm"]

1. e4 e5 2. Bc4 Nf6 3. Nf3 Nc6 4. O-O Nxe4 5. Re1 d5 6. Bb5 a6 7. Bxc6+ bxc6 8.
d3 Nc5 9. Nxe5 Be7 10. Nxc6 Qd6 11. Nxe7 Be6 12. Nf5 Qd7 13. Nxg7+ Kf8 14.
Nxe6+ 1-0

[Event "Schloss op 1st"]
[Site "Heusenstamm"]
[Date "2014.11.21"]
[Round "3.61"]
[White "Kirchner, Stefan"]
[Black "Fey, Karl-Heinz"]
[Result "1-0"]
[WhiteElo "1481"]
[BlackElo "884"]
[PlyCount "57"]
[EventDate "2014.11.??"]
[EventType "swiss"]
[EventRounds "7"]
[EventCountry "GER"]
[WhiteTeam "SF Schoeneck"]
[BlackTeam "SC Hassloch"]

1. e4 c5 2. Nf3 Nc6 3. d4 cxd4 4. Nxd4 e6 5. a3 g6 6. Nb5 Bg7 7. N1c3 Nf6 8.
Nd6+ Ke7 9. Bf4 h6 10. Ncb5 e5 11. Nxc8+ Kf8 12. Bxe5 Nxe5 13. Qd6+ Qe7 14.
Qxe7+ Kg8 15. Nbxa7 Nxe4 16. f3 Bf6 17. Qe8+ Kg7 18. Qxh8+ Kxh8 19. fxe4 Bd8
20. O-O-O Bc7 21. Bb5 Bb8 22. Rhf1 Bxa7 23. Nxa7 Rxa7 24. Bxd7 b6 25. Bb5 Kh7
26. h3 Kg7 27. Rd5 Nd7 28. Rxd7 Rxd7 29. Bxd7 1-0

[Event "Schloss op 1st"]
[Site "Heusenstamm"]
[Date "2014.11.21"]
[Round "3.64"]
[White "Zint, Timo"]
[Black "Specht, Julius"]
[Result "0-1"]
[WhiteElo "787"]
[BlackElo "982"]
[PlyCount "71"]
[EventDate "2014.11.??"]
[EventType "swiss"]
[EventRounds "7"]
[EventCountry "GER"]
[WhiteTeam "SC Heusenstamm"]
[BlackTeam "SC 1952 Obertshausen"]

1. e4 e5 2. Nf3 Nc6 3. Bb5 Nf6 4. Nc3 Bb4 5. Bxc6 dxc6 6. Nxe5 Qe7 7. d4 Nxe4
8. O-O Nxc3 9. bxc3 Bxc3 10. Rb1 O-O 11. Qd3 Ba5 12. Bd2 Bxd2 13. Qxd2 Rd8 14.
c3 Qxe5 15. Rfe1 Qd5 16. Re5 Qxe5 17. dxe5 Rxd2 18. a3 b5 19. h3 a6 20. Rb4 Rd5
21. f4 a5 22. Re4 Bb7 23. c4 bxc4 24. Rxc4 c5 25. a4 Rd4 26. Rxc5 Rxa4 27. g3
Rd8 28. Rxc7 Ra2 29. Rc1 f6 30. e6 Rg2+ 31. Kf1 Rxg3 32. e7 Re8 33. Re1 Rf3+
34. Kg2 Re3+ 35. Kf2 Rxe1 36. Kxe1 0-1

[Event "Schloss op 1st"]
[Site "Heusenstamm"]
[Date "2014.11.22"]
[Round "4.1"]
[White "Schmittdiel, Eckhard"]
[Black "Li, Chao b"]
[Result "0-1"]
[WhiteElo "2450"]
[BlackElo "2722"]
[PlyCount "104"]
[EventDate "2014.11.??"]
[EventType "swiss"]
[EventRounds "7"]
[EventCountry "GER"]
[WhiteTeam "SC Hansa Dortmund"]
[BlackTeam "SK Schwaebisch Hall"]

1. e4 c5 2. Nf3 d6 3. Bb5+ Bd7 4. Bxd7+ Qxd7 5. O-O Nc6 6. c4 Nf6 7. Nc3 g6 8.
d3 Bg7 9. h3 O-O 10. Be3 a6 11. Qd2 Rfc8 12. Nd5 Qd8 13. Nxf6+ Bxf6 14. Rac1 b5
15. b3 Qa5 16. Qxa5 Nxa5 17. Rfd1 bxc4 18. Bd2 Nc6 19. Rxc4 a5 20. Ra4 e6 21.
Rc1 Nb4 22. Ne1 Bb2 23. Rb1 Bg7 24. Rc1 f5 25. Kf1 Bb2 26. Rb1 Bd4 27. a3 Nc6
28. Nc2 Rcb8 29. Be3 Bg7 30. exf5 gxf5 31. d4 e5 32. dxe5 Nxe5 33. Bf4 Kf7 34.
Ne3 Ke6 35. g4 fxg4 36. Nxg4 Nd3 37. Bd2 h5 38. Ne3 Rf8 39. Nd1 Bd4 40. Be3 Kd5
41. Ke2 Nf4+ 42. Kf1 Nxh3 43. Rc1 Bxe3 44. Nxe3+ Kc6 45. Rc2 Rae8 46. Kg2 Nf4+
47. Kg3 Nd3 48. Rxa5 Rg8+ 49. Kh4 Re4+ 50. Kxh5 Nf4+ 51. Kh6 Rg6+ 52. Kh7 Re5
0-1

[Event "Schloss op 1st"]
[Site "Heusenstamm"]
[Date "2014.11.22"]
[Round "4.2"]
[White "Rausis, Igors"]
[Black "Zuyev, Igor"]
[Result "1/2-1/2"]
[WhiteElo "2586"]
[BlackElo "2379"]
[PlyCount "87"]
[EventDate "2014.11.??"]
[EventType "swiss"]
[EventRounds "7"]
[EventCountry "GER"]
[WhiteTeam "Godesberger SK"]
[BlackTeam "SC Heusenstamm"]

1. d4 Nf6 2. c4 e6 3. Nc3 Bb4 4. g3 c5 5. Nf3 Ne4 6. Qc2 cxd4 7. Nxd4 Qa5 8.
Bg2 Nxc3 9. O-O Qa4 10. Qd3 Nxa2 11. Nb5 O-O 12. Nc7 Qa5 13. Bf4 e5 14. Nxa8
exf4 15. Qb3 fxg3 16. hxg3 Qe5 17. Rxa2 Bc5 18. Qd3 Nc6 19. Qd5 Qe7 20. Qe4 Qd8
21. Qh4 f6 22. Be4 h6 23. Ra4 Nb4 24. Qh1 d6 25. Rfa1 Re8 26. Rxa7 Bxa7 27.
Rxa7 Re7 28. Qf3 Re5 29. Bxb7 Re7 30. Bd5+ Nxd5 31. Qxd5+ Be6 32. Qd4 Rxa7 33.
Qxa7 Bxc4 34. e3 Be2 35. Nc7 Qc8 36. Qa2+ Kh8 37. Qa8 Qxa8 38. Nxa8 Kg8 39. Nc7
Kf7 40. b4 Ke7 41. Nd5+ Kd7 42. Kg2 f5 43. f3 Bd3 44. Kf2 1/2-1/2

[Event "Schloss op 1st"]
[Site "Heusenstamm"]
[Date "2014.11.22"]
[Round "4.3"]
[White "Skembris, Spyridon"]
[Black "Sumets, Andrey"]
[Result "1/2-1/2"]
[WhiteElo "2420"]
[BlackElo "2580"]
[PlyCount "28"]
[EventDate "2014.11.??"]
[EventType "swiss"]
[EventRounds "7"]
[EventCountry "GER"]
[WhiteTeam "SF Zaehringen"]
[BlackTeam "SF Lilienthal"]

1. c4 Nf6 2. Nc3 e6 3. Nf3 d5 4. e3 a6 5. a3 b6 6. d4 Bb7 7. b4 dxc4 8. Bxc4
Bd6 9. Qe2 Nc6 10. O-O O-O 11. Bb2 e5 12. dxe5 Nxe5 13. Nxe5 Bxe5 14. Rad1 Qe7
1/2-1/2

[Event "Schloss op 1st"]
[Site "Heusenstamm"]
[Date "2014.11.22"]
[Round "4.4"]
[White "Danin, Alexandre"]
[Black "Solonar, Stefan"]
[Result "1/2-1/2"]
[WhiteElo "2564"]
[BlackElo "2350"]
[PlyCount "80"]
[EventDate "2014.11.??"]
[EventType "swiss"]
[EventRounds "7"]
[EventCountry "GER"]
[WhiteTeam "Bochumer SV"]
[BlackTeam "SC Heusenstamm"]

1. Nf3 c5 2. c4 Nc6 3. d4 cxd4 4. Nxd4 e5 5. Nb5 d6 6. g3 Be6 7. b3 a6 8. N5c3
h5 9. h4 Be7 10. Bg2 Nf6 11. Bg5 Ng4 12. Bxe7 Nxe7 13. Qd2 Rb8 14. O-O b5 15.
Ne4 d5 16. cxd5 Bxd5 17. Nbc3 Bxe4 18. Qxd8+ Rxd8 19. Nxe4 O-O 20. Rfd1 Nd5 21.
Bf3 Nb4 22. Rdc1 f5 23. Nc5 Rd2 24. a3 Na2 25. Rd1 Rfd8 26. Rxd2 Rxd2 27. Nxa6
Nc3 28. a4 bxa4 29. bxa4 Nxe2+ 30. Bxe2 Rxe2 31. a5 Rxf2 32. Nc5 Rc2 33. Ne6
Kf7 34. Ng5+ Ke7 35. a6 Rc8 36. a7 Ra8 37. Ra6 Nf6 38. Re6+ Kd7 39. Rxe5 Rxa7
40. Rxf5 Kd6 1/2-1/2

[Event "Schloss op 1st"]
[Site "Heusenstamm"]
[Date "2014.11.22"]
[Round "4.6"]
[White "Sadzikowski, Daniel"]
[Black "Inkiov, Ventzislav"]
[Result "1/2-1/2"]
[WhiteElo "2496"]
[BlackElo "2429"]
[PlyCount "109"]
[EventDate "2014.11.??"]
[EventType "swiss"]
[EventRounds "7"]
[EventCountry "GER"]
[WhiteTeam "SC Heusenstamm"]

1. c4 e6 2. Nc3 d5 3. d4 Nf6 4. Nf3 Bb4 5. Bg5 dxc4 6. a3 Bxc3+ 7. bxc3 b5 8.
a4 c6 9. g3 Nbd7 10. Bg2 Bb7 11. Qb1 a6 12. e4 Qc8 13. O-O h6 14. Bxf6 Nxf6 15.
Nd2 O-O 16. e5 Nd5 17. Ne4 Qc7 18. Qc1 c5 19. Nxc5 Bc6 20. f4 Ne7 21. Bxc6 Qxc6
22. g4 f5 23. exf6 Rxf6 24. axb5 axb5 25. Rxa8+ Qxa8 26. Nd7 Rf7 27. Ne5 Rf8
28. Nd7 Re8 29. Qe1 Nd5 30. Nc5 Qa3 31. Ne4 Rf8 32. g5 Nxf4 33. Nf6+ gxf6 34.
Rxf4 hxg5 35. Qxe6+ Kg7 36. Rf3 Rf7 37. Kg2 Qe7 38. Qf5 Qd7 39. h4 g4 40. Rf4
Qxf5 41. Rxf5 Rb7 42. Kg3 b4 43. cxb4 Rxb4 44. Rc5 c3 45. Kxg4 Rxd4+ 46. Kf5
Rd3 47. Rc7+ Kh6 48. Kxf6 Kh5 49. Ke5 Kxh4 50. Ke4 Rg3 51. Rh7+ Kg4 52. Rg7+
Kh3 53. Rxg3+ Kxg3 54. Kd3 c2 55. Kxc2 1/2-1/2

[Event "Schloss op 1st"]
[Site "Heusenstamm"]
[Date "2014.11.22"]
[Round "4.7"]
[White "Benninger, Rudolf"]
[Black "Pap, Misa"]
[Result "0-1"]
[WhiteElo "2087"]
[BlackElo "2473"]
[PlyCount "82"]
[EventDate "2014.11.??"]
[EventType "swiss"]
[EventRounds "7"]
[EventCountry "GER"]
[WhiteTeam "SC Heusenstamm"]
[BlackTeam "Sfr Korbach"]

1. e4 c5 2. c3 Nf6 3. e5 Nd5 4. d4 cxd4 5. cxd4 e6 6. Nc3 Nxc3 7. bxc3 Qc7 8.
Bd2 b6 9. Nf3 Be7 10. Bd3 Ba6 11. Bxa6 Nxa6 12. O-O O-O 13. Qe2 Nb8 14. Rac1 d6
15. Bf4 Nd7 16. Rfe1 d5 17. Qd3 Rfc8 18. Ng5 Nf8 19. h4 h6 20. Nf3 Qc4 21. Qd2
b5 22. h5 Rab8 23. Nh2 Nh7 24. Ng4 Bg5 25. g3 Rb6 26. Be3 Rbc6 27. f4 Be7 28.
Qf2 Qd3 29. Bd2 b4 30. Qe3 Qxe3+ 31. Rxe3 Nf8 32. Rd3 Nd7 33. Ne3 Nb6 34. Kf2
Na4 35. Nd1 bxc3 36. Nxc3 Ba3 37. Nxa4 Bxc1 38. Nc5 Bxd2 39. Rxd2 Rb6 40. Nb3
Rc4 41. Ke3 Rc3+ 0-1

[Event "Schloss op 1st"]
[Site "Heusenstamm"]
[Date "2014.11.22"]
[Round "4.8"]
[White "Dorst, Johannes"]
[Black "Schultze, Joerg Martin"]
[Result "1-0"]
[WhiteElo "2254"]
[BlackElo "2011"]
[PlyCount "79"]
[EventDate "2014.11.??"]
[EventType "swiss"]
[EventRounds "7"]
[EventCountry "GER"]
[WhiteTeam "SK Marburg 1931/72"]
[BlackTeam "SF Anderssen Wetzlar"]

1. e4 c6 2. d4 d5 3. e5 Bf5 4. Nf3 e6 5. Be2 Nd7 6. O-O Bg6 7. c4 dxc4 8. Bxc4
Nb6 9. Bb3 Ne7 10. Bg5 Qd7 11. Nc3 h6 12. Be3 Ned5 13. Qe2 Be7 14. Rfd1 O-O 15.
Rac1 Rfd8 16. Nd2 a5 17. a3 Nxc3 18. Rxc3 Nd5 19. Rcc1 a4 20. Bc2 Bxc2 21. Rxc2
Rac8 22. Ne4 c5 23. Rcd2 c4 24. Qg4 Kf8 25. Ng3 c3 26. bxc3 Rxc3 27. Nh5 g5 28.
Qe4 Kg8 29. Rd3 Rdc8 30. h4 Qb5 31. R3d2 Rc1 32. hxg5 hxg5 33. Bxg5 Bxg5 34.
Qg4 Kf8 35. Qxg5 Rxd1+ 36. Rxd1 Qe2 37. Rb1 b5 38. Nf6 Qc2 39. Rxb5 Qc6 40. Rc5
1-0

[Event "Schloss op 1st"]
[Site "Heusenstamm"]
[Date "2014.11.22"]
[Round "4.9"]
[White "Kolker, Vladislav"]
[Black "Schupp, Tobias"]
[Result "1-0"]
[WhiteElo "1982"]
[BlackElo "2130"]
[PlyCount "111"]
[EventDate "2014.11.??"]
[EventType "swiss"]
[EventRounds "7"]
[EventCountry "GER"]
[WhiteTeam "SC Bad Nauheim"]
[BlackTeam "SK Niederbrechen 1948"]

1. e4 e6 2. d3 d5 3. Nd2 Nf6 4. Ngf3 Nc6 5. g3 Bc5 6. Nb3 dxe4 7. Nxc5 exf3 8.
c3 Qd5 9. Be3 b6 10. Nb3 Bb7 11. d4 Ng4 12. Qd2 Nxe3 13. Qxe3 a5 14. Bd3 Ne7
15. Nd2 Nf5 16. Qf4 Qd6 17. Bxf5 Qxf4 18. gxf4 exf5 19. Rg1 O-O 20. O-O-O Rfe8
21. Rde1 Re2 22. Rxe2 fxe2 23. Nc4 Re8 24. Kd2 Re4 25. Ne3 Rxf4 26. Kxe2 Ba6+
27. Ke1 Re4 28. Kd1 Rf4 29. Ke1 c6 30. d5 cxd5 31. Nxd5 Re4+ 32. Kd1 Re6 33.
Re1 Rxe1+ 34. Kxe1 Bc4 35. Nxb6 Bxa2 36. c4 Kf8 37. Kd2 Bb1 38. Kc3 Ke7 39. c5
Be4 40. Nc4 a4 41. Kb4 Bc6 42. Nb6 h5 43. Nxa4 g5 44. Ka5 f4 45. b4 g4 46. b5
Bf3 47. c6 Kd8 48. Kb6 Kc8 49. Nc5 h4 50. Nb7 g3 51. fxg3 fxg3 52. hxg3 hxg3
53. Nd6+ Kd8 54. c7+ Kd7 55. c8=Q+ Kxd6 56. Qc7+ 1-0

[Event "Schloss op 1st"]
[Site "Heusenstamm"]
[Date "2014.11.22"]
[Round "4.10"]
[White "Klundt, Klaus"]
[Black "Held, Carsten"]
[Result "1-0"]
[WhiteElo "2320"]
[BlackElo "2033"]
[PlyCount "61"]
[EventDate "2014.11.??"]
[EventType "swiss"]
[EventRounds "7"]
[EventCountry "GER"]
[WhiteTeam "SC Heusenstamm"]
[BlackTeam "SC Ladja Rossdorf"]

1. e4 c5 2. Nf3 g6 3. d4 Bg7 4. Nc3 cxd4 5. Nxd4 Nc6 6. Be3 d6 7. Bc4 Nf6 8. h3
O-O 9. Bb3 Bd7 10. O-O Rc8 11. f4 Nxd4 12. Bxd4 Bc6 13. Qd3 a6 14. Rad1 Nd7 15.
Bxg7 Kxg7 16. Qd4+ Kg8 17. f5 Qb6 18. Qxb6 Nxb6 19. f6 Rc7 20. fxe7 Rxe7 21.
Rxd6 Kg7 22. Nd5 Bxd5 23. exd5 Nd7 24. c3 Nc5 25. Rb6 Rd8 26. c4 Re4 27. Bd1
Rxc4 28. b4 Nd7 29. Rxb7 Rd4 30. Bb3 Ne5 31. Re7 1-0

[Event "Schloss op 1st"]
[Site "Heusenstamm"]
[Date "2014.11.22"]
[Round "4.11"]
[White "De Silva, Joel Niels"]
[Black "Alber, Horst"]
[Result "1/2-1/2"]
[WhiteElo "2018"]
[BlackElo "2305"]
[PlyCount "42"]
[EventDate "2014.11.??"]
[EventType "swiss"]
[EventRounds "7"]
[EventCountry "GER"]
[WhiteTeam "SV Hockenheim"]
[BlackTeam "SK Marburg 1931/72"]

1. e4 g6 2. d4 Bg7 3. Nc3 d6 4. Nf3 Nf6 5. Be2 O-O 6. O-O c6 7. Bg5 Nbd7 8. Qd2
e5 9. Rad1 Re8 10. dxe5 dxe5 11. Qd6 Bf8 12. Qd2 Qe7 13. a3 Nc5 14. Qe3 Ne6 15.
Bh4 Nf4 16. Bc4 h6 17. h3 g5 18. Bg3 b5 19. Bb3 a5 20. Rfe1 Ba6 21. Nh2 Qa7
1/2-1/2

[Event "Schloss op 1st"]
[Site "Heusenstamm"]
[Date "2014.11.22"]
[Round "4.12"]
[White "Junker, Christian"]
[Black "Cordes, Hans Joerg"]
[Result "0-1"]
[WhiteElo "2010"]
[BlackElo "2243"]
[PlyCount "60"]
[EventDate "2014.11.??"]
[EventType "swiss"]
[EventRounds "7"]
[EventCountry "GER"]
[WhiteTeam "SV 1926 Neu Isenburg"]
[BlackTeam "VSG 1880 Offenbach"]

1. Nf3 e6 2. d3 c5 3. g3 Nc6 4. Nbd2 g6 5. e4 Bg7 6. Bg2 Nge7 7. O-O O-O 8. h4
h6 9. Re1 d6 10. c3 e5 11. Nc4 Be6 12. a4 Qd7 13. b4 cxb4 14. cxb4 Bxc4 15.
dxc4 Nxb4 16. a5 Rad8 17. Qb3 Na6 18. Qe3 Nc6 19. Bb2 Nc5 20. Red1 Qe6 21. Bf1
f5 22. exf5 gxf5 23. Ra3 Qg6 24. Nd2 e4 25. Bxg7 Qxg7 26. Bg2 Nd4 27. Ra2 f4
28. gxf4 Rxf4 29. Kh1 Rxh4+ 30. Bh3 Nf3 0-1

[Event "Schloss op 1st"]
[Site "Heusenstamm"]
[Date "2014.11.22"]
[Round "4.13"]
[White "Baskin, Robert"]
[Black "Foermes, Alexander"]
[Result "1-0"]
[WhiteElo "2212"]
[BlackElo "2012"]
[PlyCount "44"]
[EventDate "2014.11.??"]
[EventType "swiss"]
[EventRounds "7"]
[EventCountry "GER"]
[WhiteTeam "TuS Makkabi Frankfurt"]
[BlackTeam "SK Marburg 1931/72"]

1. e4 e6 2. d4 d5 3. Nc3 Nf6 4. e5 Nfd7 5. f4 c5 6. Nf3 Nc6 7. Be3 Be7 8. Qd2
O-O 9. Be2 b6 10. O-O f6 11. dxc5 Nxc5 12. exf6 Bxf6 13. Nd4 Nxd4 14. Bxd4 Bb7
15. Rad1 g6 16. Qe3 Qe7 17. Bf3 Rae8 18. Rfe1 Bxd4 19. Rxd4 Qf6 20. b4 Bc6 21.
bxc5 bxc5 22. Rdd1 Qxf4 1-0

[Event "Schloss op 1st"]
[Site "Heusenstamm"]
[Date "2014.11.22"]
[Round "4.14"]
[White "Nixdorf, Andre"]
[Black "Von Rahden, Arvid"]
[Result "1/2-1/2"]
[WhiteElo "1977"]
[BlackElo "2190"]
[PlyCount "78"]
[EventDate "2014.11.??"]
[EventType "swiss"]
[EventRounds "7"]
[EventCountry "GER"]
[WhiteTeam "SK Norderstedt"]
[BlackTeam "SC Heusenstamm"]

1. e4 d5 2. exd5 Qxd5 3. Nc3 Qd8 4. d4 c6 5. Nf3 Bf5 6. Bc4 e6 7. O-O Nf6 8. h3
Be7 9. Re1 O-O 10. Qe2 Nd5 11. Ne4 Nd7 12. Bb3 Re8 13. c4 N5f6 14. Ng3 Bg6 15.
Bf4 a5 16. a3 Qb6 17. Ba2 c5 18. Be5 Rad8 19. Red1 h6 20. Rac1 cxd4 21. Bxd4
Bc5 22. Bc3 Qc7 23. Ne5 Nxe5 24. Bxe5 Qe7 25. Rxd8 Rxd8 26. Rd1 b6 27. Bb3 Bd6
28. Rd4 Bc5 29. Rd2 Rxd2 30. Qxd2 Nd7 31. Bc3 Bd6 32. Nf1 Nc5 33. Bc2 Bxc2 34.
Qxc2 Nd7 35. Qe4 Nf6 36. Qa8+ Kh7 37. Qc6 Bc5 38. Qf3 Ne8 39. Qe4+ Kg8 1/2-1/2

[Event "Schloss op 1st"]
[Site "Heusenstamm"]
[Date "2014.11.22"]
[Round "4.15"]
[White "Schneider, Johannes"]
[Black "Schreiner, Roland"]
[Result "1/2-1/2"]
[WhiteElo "2001"]
[BlackElo "2150"]
[PlyCount "95"]
[EventDate "2014.11.??"]
[EventType "swiss"]
[EventRounds "7"]
[EventCountry "GER"]
[WhiteTeam "SV Mainz Mombach"]
[BlackTeam "SC Heusenstamm"]

1. e4 d6 2. d4 Nf6 3. Bd3 g6 4. f4 Bg7 5. Nf3 Bg4 6. h3 Bxf3 7. Qxf3 Nfd7 8. e5
c6 9. Nc3 d5 10. O-O e6 11. Be3 f5 12. g4 Qe7 13. a3 Nb6 14. Kg2 N8d7 15. g5
Kf7 16. h4 Nc4 17. Bc1 a6 18. b3 Ncb6 19. a4 Bf8 20. a5 Nc8 21. h5 Qd8 22. Rh1
Bb4 23. Ne2 Na7 24. hxg6+ hxg6 25. Rxh8 Qxh8 26. c3 Be7 27. Qh3 Qxh3+ 28. Kxh3
c5 29. Be3 Nc6 30. dxc5 Bxc5 31. Bxc5 Nxc5 32. Bc2 Rd8 33. b4 Ne4 34. Kg2 Rc8
35. Rh1 Kg7 36. Bxe4 dxe4 37. Rd1 Rd8 38. Rxd8 Nxd8 39. Nd4 Kf7 40. Kf2 Ke7 41.
Ke3 Kd7 42. Kd2 Kc7 43. c4 b6 44. axb6+ Kxb6 45. Kc3 Kc7 46. Kb3 Kd7 47. Kc3
Nb7 48. Nb3 1/2-1/2

[Event "Schloss op 1st"]
[Site "Heusenstamm"]
[Date "2014.11.22"]
[Round "4.16"]
[White "Heider, Martin"]
[Black "Krueger, Till"]
[Result "1-0"]
[WhiteElo "2132"]
[BlackElo "2016"]
[PlyCount "117"]
[EventDate "2014.11.??"]
[EventType "swiss"]
[EventRounds "7"]
[EventCountry "GER"]
[WhiteTeam "SC Herxheim"]
[BlackTeam "SC Nidderau"]

1. d4 Nf6 2. c4 g6 3. Nc3 Bg7 4. e4 d6 5. Nf3 O-O 6. Be2 Nbd7 7. O-O e5 8. Be3
Ng4 9. Bg5 f6 10. Bd2 Nh6 11. Qc2 exd4 12. Nxd4 Nc5 13. Rad1 Nf7 14. Be3 a5 15.
Ndb5 b6 16. f4 c6 17. Nd4 Qc7 18. Bf3 Bb7 19. h4 Rfe8 20. Rfe1 Rad8 21. h5 Qc8
22. a3 Qc7 23. b4 axb4 24. axb4 Ne6 25. Nxe6 Rxe6 26. Qf2 c5 27. bxc5 bxc5 28.
hxg6 hxg6 29. f5 Ree8 30. fxg6 Ne5 31. Be2 Qc8 32. Qg3 Qe6 33. Nd5 Bxd5 34.
cxd5 Qd7 35. Qh2 Bh8 36. Bb5 Qg7 37. Bxe8 Rxe8 38. Qh7+ Qxh7 39. gxh7+ Kxh7 40.
Bf4 Kg6 41. Bxe5 Rxe5 42. Rd3 f5 43. Rg3+ Kf7 44. Rf3 Kf6 45. g4 Kg5 46. gxf5
Re8 47. Kg2 Be5 48. f6 Rf8 49. f7 Bf4 50. Kf2 Rxf7 51. Rg1+ Kh4 52. Ke2 Rf6 53.
Rg8 Be5 54. Rxf6 Bxf6 55. Rg6 Be5 56. Re6 Bf4 57. e5 Kg5 58. exd6 Kf5 59. d7
1-0